书目信息 |
| 题名: |
大学生体验式学习
|
|
| 作者: | 刘尔思, 编著 | |
| 分册: | ||
| 出版信息: | 昆明 云南大学出版社 2011.05 |
|
| 页数: | 335页 | |
| 开本: | 26cm | |
| 丛书名: | 中外合作办学系列教材 | |
| 单 册: | ||
| 中图分类: | G642.45 | |
| 科图分类: | ||
| 主题词: | 大学生--da xue sheng--社会实践--教材 | |
| 电子资源: | ||
| ISBN: | 978-7-5482-0444-2 | |
| 000 | 01013nam 2200265 450 | |
| 001 | 2349302749 | |
| 005 | 20231124134201.22 | |
| 010 | @a978-7-5482-0444-2@dCNY45.00@z7-5482-0444-2 | |
| 100 | @a20111109d2011 em y0chiy50 ea | |
| 101 | 0 | @achi |
| 102 | @aCN@b530000 | |
| 105 | @aak a 000yy | |
| 200 | 1 | @a大学生体验式学习@Ada xue sheng ti yan shi xue xi@d= College students experiential learning@f编著刘尔思@zeng |
| 210 | @a昆明@c云南大学出版社@d2011.05 | |
| 215 | @a335页@c图@d26cm | |
| 225 | 2 | @a中外合作办学系列教材@Azhong wai he zuo ban xue xi lie jiao cai |
| 320 | @a有书目 | |
| 330 | @a本书共分为11章, 内容包括: 绪论、体验式学习与中国高等教育、亲情体验、爱心体验、团队体验、环境体验、跨文化体验、职业体验等。 | |
| 410 | 0 | @12001 @a中外合作办学系列教材 |
| 510 | 1 | @aCollege students experiential learning@zeng |
| 606 | 0 | @a大学生@Ada xue sheng@x社会实践@j教材 |
| 690 | @aG642.45@v4 | |
| 701 | 0 | @a刘尔思,@Aliu er si@f1959-@4编著 |
| 801 | 0 | @aCN@bRENTIAN@c20111109 |
| 905 | @aBZT@dG642.45@e2 | |
| 大学生体验式学习= College students experiential learning/编著刘尔思.-昆明:云南大学出版社,2011.05 |
| 335页:图;26cm.-(中外合作办学系列教材) |
| ISBN 978-7-5482-0444-2:CNY45.00 |
| 本书共分为11章, 内容包括: 绪论、体验式学习与中国高等教育、亲情体验、爱心体验、团队体验、环境体验、跨文化体验、职业体验等。 |
| ● |
| 相关链接 |
|
|
|
正题名:大学生体验式学习
索取号:G642.45/2
 
预约/预借
| 序号 | 登录号 | 条形码 | 馆藏地/架位号 | 状态 | 备注 |
| 1 | 2001102361 | 2001102361 | 东辅楼二楼书库/ [索取号:G642.45/2] | 在馆 | |
| 2 | 2001102362 | 2001102362 | 东辅楼二楼书库/ [索取号:G642.45/2] | 在馆 | |
| 3 | 2001102363 | 2001102363 | 东辅楼二楼书库/ [索取号:G642.45/2] | 在馆 | |
| 4 | 2001102364 | 2001102364 | 东辅楼二楼书库/ [索取号:G642.45/2] | 在馆 | |
| 5 | 2001102365 | 2001102365 | 东辅楼二楼书库/ [索取号:G642.45/2] | 在馆 | |
| 6 | 2001102366 | 2001102366 | 东辅楼二楼书库/ [索取号:G642.45/2] | 在馆 | |
| 7 | 2001102367 | 2001102367 | 东辅楼二楼书库/ [索取号:G642.45/2] | 在馆 | |
| 8 | 2001102368 | 2001102368 | 东辅楼二楼书库/ [索取号:G642.45/2] | 在馆 | |
| 9 | 2001102369 | 2001102369 | 东辅楼二楼书库/ [索取号:G642.45/2] | 在馆 | |
| 10 | 2001102370 | 2001102370 | 东辅楼二楼书库/ [索取号:G642.45/2] | 在馆 | |
| 11 | 2001102371 | 2001102371 | 东辅楼二楼书库/ [索取号:G642.45/2] | 在馆 | |
| 12 | 2001102372 | 2001102372 | 东辅楼二楼书库/ [索取号:G642.45/2] | 在馆 | |
| 13 | 2001102373 | 2001102373 | 东辅楼二楼书库/ [索取号:G642.45/2] | 在馆 | |
| 14 | 2001102374 | 2001102374 | 东辅楼二楼书库/ [索取号:G642.45/2] | 在馆 | |
| 15 | 2001102375 | 2001102375 | 东辅楼二楼书库/ [索取号:G642.45/2] | 在馆 | |
| 16 | 2001102376 | 2001102376 | 东辅楼二楼书库/ [索取号:G642.45/2] | 在馆 | |
| 17 | 2001102377 | 2001102377 | 东辅楼二楼书库/ [索取号:G642.45/2] | 在馆 | |
| 18 | 2001102378 | 2001102378 | 东辅楼二楼书库/ [索取号:G642.45/2] | 在馆 | |
| 19 | 2001102379 | 2001102379 | 东辅楼二楼书库/ [索取号:G642.45/2] | 在馆 | |
| 20 | 2001102380 | 2001102380 | 东辅楼二楼书库/ [索取号:G642.45/2] | 在馆 | |
| 21 | 2001102381 | 2001102381 | 东辅楼二楼书库/ [索取号:G642.45/2] | 在馆 | |
| 22 | 2001102382 | 2001102382 | 东辅楼二楼书库/ [索取号:G642.45/2] | 在馆 | |
| 23 | 2001102383 | 2001102383 | 东辅楼二楼书库/ [索取号:G642.45/2] | 在馆 | |
| 24 | 2001102384 | 2001102384 | 东辅楼二楼书库/ [索取号:G642.45/2] | 在馆 | |
| 25 | 2001102385 | 2001102385 | 东辅楼二楼书库/ [索取号:G642.45/2] | 在馆 | |
| 26 | 2001102386 | 2001102386 | 东辅楼二楼书库/ [索取号:G642.45/2] | 在馆 | |
| 27 | 2001102387 | 2001102387 | 东辅楼二楼书库/ [索取号:G642.45/2] | 在馆 | |
| 28 | 2001102388 | 2001102388 | 东辅楼二楼书库/ [索取号:G642.45/2] | 在馆 | |
| 29 | 2001102389 | 2001102389 | 东辅楼二楼书库/ [索取号:G642.45/2] | 在馆 | |
| 30 | 2001102390 | 2001102390 | 东辅楼二楼书库/ [索取号:G642.45/2] | 在馆 |